व्यथा हिंदुस्तानच्या फाळणीची (Record no. 370119)

MARC details
000 -LEADER
fixed length control field 00484 a2200145 4500
003 - CONTROL NUMBER IDENTIFIER
control field OSt
005 - DATE AND TIME OF LATEST TRANSACTION
control field 20260209171654.0
008 - FIXED-LENGTH DATA ELEMENTS--GENERAL INFORMATION
fixed length control field 260209b |||||||| |||| 00| 0 eng d
020 ## - INTERNATIONAL STANDARD BOOK NUMBER
International Standard Book Number 9789395664820
100 ## - MAIN ENTRY--PERSONAL NAME
Personal name आफळे ग
9 (RLIN) 216699
245 ## - TITLE STATEMENT
Title व्यथा हिंदुस्तानच्या फाळणीची
260 ## - PUBLICATION, DISTRIBUTION, ETC. (IMPRINT)
Name of publisher, distributor, etc. भारतीय विचार साधना प्रकाशन
Date of publication, distribution, etc. 2023
Place of publication, distribution, etc. पुणे
300 ## - PHYSICAL DESCRIPTION
Extent 488pp.
942 ## - ADDED ENTRY ELEMENTS (KOHA)
Koha item type Books
Source of classification or shelving scheme Dewey Decimal Classification
Holdings
Withdrawn status Lost status Source of classification or shelving scheme Damaged status Not for loan Collection code Home library Current library Date acquired Vendor Cost, normal purchase price Total Checkouts Barcode Date last seen Cost, replacement price Bill Date Koha item type Original Barcode
    Dewey Decimal Classification     MCA MKSSS s K.B. Joshi Institute of Information Technology Library MKSSS s K.B. Joshi Institute of Information Technology Library 02/02/2026 188 420.00   KBJP-BK-2967 02/02/2026 600.00 02/02/2026 Books 2967